[Event "Vellmar op 7th"]
[Site "Vellmar"]
[Date "2015.08.09"]
[Round "6"]
[White "Jeske, Mark"]
[Black "Biastoch, Bennet"]
[Result "1/2-1/2"]
[WhiteElo "2124"]
[BlackElo "2046"]
[PlyCount "48"]
[EventDate "2015.08.06"]
[EventType "swiss"]
[EventRounds "7"]
[EventCountry "GER"]
[SourceTitle "CBM 167 Extra"]
[Source "ChessBase"]
[SourceDate "2015.09.14"]
[SourceVersion "1"]
[SourceVersionDate "2015.09.14"]
[SourceQuality "1"]

1. d4 Nf6 2. Nf3 g6 3. g3 Bg7 4. Bg2 0-0 5. 0-0 d6 6. b3 Nc6 7. Bb2 e5 8. dxe5 Ng4 9. Nbd2 Ngxe5 10. Nxe5 Nxe5 11. Rb1 Rb8 12. h3 Bd7 13. f4 Nc6 14. Bxg7 Kxg7 15. e4 f5 16. c3 Re8 17. Qf3 Qf6 18. Rbe1 Re7 19. exf5 Bxf5 20. g4 Bd7 21. Ne4 Qf7 22. f5 gxf5 23. gxf5 Kh8 24. Ng5 Qf6 1/2-1/2

[Event "Vellmar op 7th"]
[Site "Vellmar"]
[Date "2015.08.08"]
[Round "4"]
[White "Jeske, Mark"]
[Black "Hahn, Markus"]
[Result "0-1"]
[WhiteElo "2124"]
[BlackElo "2303"]
[PlyCount "138"]
[EventDate "2015.08.06"]
[EventType "swiss"]
[EventRounds "7"]
[EventCountry "GER"]
[SourceTitle "CBM 167 Extra"]
[Source "ChessBase"]
[SourceDate "2015.09.14"]
[SourceVersion "1"]
[SourceVersionDate "2015.09.14"]
[SourceQuality "1"]

1. e4 c6 2. d4 d5 3. exd5 cxd5 4. c4 Nf6 5. Nc3 g6 6. Nf3 Bg7 7. Be2 0-0 8. 0-0 Nc6 9. h3 dxc4 10. Bxc4 Na5 11. Be2 Be6 12. Bg5 Rc8 13. Rc1 Bc4 14. Re1 Re8 15. Qd2 Bxe2 16. Rxe2 Nc4 17. Qe1 Nb6 18. Rec2 Nbd5 19. Na4 Rxc2 20. Rxc2 b6 21. Ne5 Qa8 22. b3 Qb7 23. a3 Qa6 24. Qc1 Ne4 25. Be3 Nd6 26. Nc3 Nxc3 27. Rxc3 Nb5 28. Qf1 Qa5 29. Rc1 Nd6 30. Nc4 Qd5 31. a4 Nf5 32. Rd1 Rd8 33. Rd2 Bxd4 34. Bxd4 Nxd4 35. Qd3 e5 36. Kh1 Qc5 37. Qe4 Re8 38. Ne3 Kg7 39. Rd1 Qe7 40. Qd5 Rd8 41. Qc4 Qe6 42. Kh2 Qxc4 43. bxc4 Ne6 44. Ra1 Rd2 45. Kg1 Nc5 46. a5 Nb3 47. Ra3 Nxa5 48. c5 Rd8 49. Ra4 Rd4 50. Ra2 Nc4 51. c6 Nxe3 52. fxe3 Rc4 53. Rxa7 Rxc6 54. Rb7 h5 55. h4 Kf6 56. Kf2 Ke6 57. Kg3 f5 58. Kf3 Kd5 59. Rb8 Kc4 60. e4 fxe4+ 61. Kxe4 b5 62. Kxe5 b4 63. Rf8 b3 64. Rf4+ Kc3 65. Kd5 Rc8 66. Rf3+ Kc2 67. Ke6 b2 68. Rf2+ Kb3 69. Rf3+ Rc3 0-1

[Event "Vellmar op 7th"]
[Site "Vellmar"]
[Date "2015.08.07"]
[Round "3"]
[White "Hansult, Manfred"]
[Black "Jeske, Mark"]
[Result "0-1"]
[WhiteElo "1950"]
[BlackElo "2124"]
[PlyCount "73"]
[EventDate "2015.08.06"]
[EventType "swiss"]
[EventRounds "7"]
[EventCountry "GER"]
[SourceTitle "CBM 167 Extra"]
[Source "ChessBase"]
[SourceDate "2015.09.14"]
[SourceVersion "1"]
[SourceVersionDate "2015.09.14"]
[SourceQuality "1"]

1. d4 Nf6 2. Nf3 e6 3. e3 b6 4. Bd3 Bb7 5. 0-0 c5 6. c3 d6 7. Nbd2 Nbd7 8. Qe2 Qc7 9. Re1 Be7 10. e4 e5 11. Nf1 0-0 12. Ng3 Rfe8 13. d5 Bf8 14. c4 g6 15. h4 Bg7 16. h5 Bc8 17. Nh2 Nf8 18. Be3 h6 19. hxg6 fxg6 20. Qd2 g5 21. Be2 Qf7 22. Bf3 Ng6 23. Nh5 Rf8 24. Nxf6+ Qxf6 25. Bg4 Nh4 26. Bxc8 Raxc8 27. Nf1 Qg6 28. Ng3 Rf4 29. Nf5 Rxf5 30. exf5 Qxf5 31. Qe2 Rf8 32. f3 e4 33. Rf1 exf3 34. gxf3 Nxf3+ 35. Rxf3 Qxf3 36. Qxf3 Rxf3 37. Bc1 0-1

[Event "Oberliga Nord W 0910"]
[Site "Germany"]
[Date "2009.11.15"]
[Round "2.7"]
[White "Kovermann, Peter"]
[Black "Jeske, Mark"]
[Result "0-1"]
[WhiteElo "2070"]
[BlackElo "2135"]
[PlyCount "52"]
[EventDate "2009.10.18"]
[EventType "team-tourn"]
[EventRounds "9"]
[EventCountry "GER"]
[SourceTitle "EXT 2011"]
[Source "ChessBase"]
[SourceDate "2010.11.26"]
[SourceVersion "1"]
[SourceVersionDate "2010.11.26"]
[SourceQuality "1"]
[WhiteTeam "Hellern"]
[BlackTeam "Uelzen Post"]
[WhiteTeamCountry "GER"]
[BlackTeamCountry "GER"]

1. e4 e5 2. Nf3 Nf6 3. Nxe5 d6 4. Nf3 Nxe4 5. Nc3 Nxc3 6. dxc3 Be7 7. Be3 Nc6 8. Qd2 Be6 9. 0-0-0 Qd7 10. h4 a6 11. Ng5 Ne5 12. b3 a5 13. Bd4 a4 14. f4 Ng4 15. c4 0-0 16. Bd3 Bf5 17. Rde1 Rfe8 18. Qc3 axb3 19. axb3 c5 20. Bxg7 f6 21. Rxe7 Rxe7 22. Bxf6 Nxf6 23. Qxf6 Bxd3 24. cxd3 Re2 25. Ne4 Qg7 26. Kd1 Rxe4 0-1

[Event "Nordhausen op 9th"]
[Site "Nordhausen"]
[Date "2009.08.01"]
[Round "5"]
[White "Jeske, Mark"]
[Black "Buerckner, Georg"]
[Result "1/2-1/2"]
[WhiteElo "2135"]
[BlackElo "1950"]
[PlyCount "61"]
[EventDate "2009.07.30"]
[EventType "swiss"]
[EventRounds "7"]
[EventCountry "GER"]
[SourceTitle "CBM 131 Extra"]
[Source "ChessBase"]
[SourceDate "2009.09.03"]
[SourceVersion "2"]
[SourceVersionDate "2009.09.16"]
[SourceQuality "1"]

1. Nf3 d5 2. d4 e6 3. e3 Nf6 4. Bd3 Be7 5. 0-0 0-0 6. Nbd2 a6 7. b3 Nbd7 8. Bb2 b5 9. Ne5 Bb7 10. Qf3 c5 11. c3 Qc7 12. Nxd7 Qxd7 13. Rad1 Rac8 14. Qh3 c4 15. Bb1 cxb3 16. axb3 h6 17. f3 a5 18. Rc1 a4 19. b4 Ne8 20. e4 dxe4 21. Nxe4 Bxe4 22. fxe4 Nd6 23. Rce1 Qa7 24. Bc1 e5 25. Kh1 Nc4 26. dxe5 Nxe5 27. Rf5 f6 28. Ba2+ Nc4 29. Rxb5 Qf2 30. Bxc4+ Rxc4 31. Qe3 1/2-1/2

[Event "Nordhausen op 9th"]
[Site "Nordhausen"]
[Date "2009.07.31"]
[Round "3"]
[White "Jeske, Mark"]
[Black "Markus, Nico"]
[Result "1-0"]
[WhiteElo "2135"]
[BlackElo "1900"]
[PlyCount "157"]
[EventDate "2009.07.30"]
[EventType "swiss"]
[EventRounds "7"]
[EventCountry "GER"]
[SourceTitle "CBM 131 Extra"]
[Source "ChessBase"]
[SourceDate "2009.09.03"]
[SourceVersion "2"]
[SourceVersionDate "2009.09.16"]
[SourceQuality "1"]

1. e4 e5 2. Bc4 Nf6 3. d3 Nc6 4. Nf3 Be7 5. c3 0-0 6. 0-0 d6 7. a3 a6 8. Nbd2 Na5 9. Ba2 c5 10. Re1 Qc7 11. b4 Nc6 12. Bb2 Bd7 13. Rc1 Qb8 14. d4 Bg4 15. d5 Nd8 16. bxc5 dxc5 17. Nc4 Bd6 18. h3 Bd7 19. Nb6 Ra7 20. Nd2 Be8 21. Ndc4 Nd7 22. Nxd6 Nxb6 23. Nf5 f6 24. c4 Kh8 25. f4 Nd7 26. Qd2 Bf7 27. g3 b6 28. Bb1 Re8 29. Kh1 Nb7 30. Bd3 Nd6 31. Nxd6 Qxd6 32. Re2 Re7 33. Rf1 Bg8 34. a4 a5 35. Bc3 Ra8 36. Qb2 Bf7 37. Rg2 Be8 38. h4 Bg6 39. f5 Bf7 40. g4 Rg8 41. Be2 Be8 42. Bd2 Nb8 43. Bd1 Na6 44. g5 Nb4 45. Qc3 Qd8 46. Rfg1 Bf7 47. Qf3 Qf8 48. g6 Be8 49. gxh7 Kxh7 50. Rg6 Rh8 51. h5 Kg8 52. Qg3 Bxg6 53. fxg6 Rc7 54. Bg4 Re7 55. Bf5 Rxh5+ 56. Kg2 Qd8 57. Rh1 Rxh1 58. Kxh1 Re8 59. Qh3 Kf8 60. Qh7 Ke7 61. Qxg7+ Kd6 62. Kg2 Qe7 63. Qxe7+ Rxe7 64. Bh6 Nc2 65. Bf8 Ne3+ 66. Kf3 Nxf5 67. exf5 Kd7 68. g7 Rxg7 69. Bxg7 Ke7 70. Ke4 Kf7 71. Bxf6 Kxf6 72. d6 Kf7 73. Kxe5 Kf8 74. f6 Kf7 75. d7 Kg6 76. d8Q Kg5 77. Qg8+ Kh4 78. Kf4 Kh3 79. Qg3# 1-0

[Event "Karl Mala Memorial op 12th"]
[Site "Frankfurt"]
[Date "2009.07.19"]
[Round "6"]
[White "Breitwieser, Jasmin"]
[Black "Jeske, Mark"]
[Result "0-1"]
[WhiteElo "1856"]
[BlackElo "2135"]
[PlyCount "50"]
[EventDate "2009.07.16"]
[EventType "swiss"]
[EventRounds "7"]
[EventCountry "GER"]
[SourceTitle "EXT 2010"]
[Source "ChessBase"]
[SourceDate "2010.11.25"]
[SourceVersion "1"]
[SourceVersionDate "2010.11.25"]
[SourceQuality "1"]

1. e4 c5 2. Nf3 e6 3. d4 cxd4 4. Nxd4 Nf6 5. Nc3 Nc6 6. Be2 Bb4 7. 0-0 Bxc3 8. bxc3 Nxe4 9. Nxc6 dxc6 10. Bd3 Nf6 11. Ba3 Qc7 12. Qf3 c5 13. Bb5+ Bd7 14. Bxd7+ Nxd7 15. Rab1 Rb8 16. Bc1 0-0 17. Qg4 Kh8 18. Rd1 f5 19. Qa4 Nf6 20. Bf4 e5 21. Bg5 Ne4 22. Rd7 Qc8 23. Bd2 a6 24. Rd5 b5 25. Qa3 Qe6 0-1

[Event "Karl Mala Memorial op 12th"]
[Site "Frankfurt"]
[Date "2009.07.16"]
[Round "1"]
[White "Jeske, Mark"]
[Black "Daemmig, Matthias"]
[Result "1/2-1/2"]
[WhiteElo "2135"]
[BlackElo "2119"]
[PlyCount "96"]
[EventDate "2009.07.16"]
[EventType "swiss"]
[EventRounds "7"]
[EventCountry "GER"]
[SourceTitle "EXT 2010"]
[Source "ChessBase"]
[SourceDate "2010.11.25"]
[SourceVersion "1"]
[SourceVersionDate "2010.11.25"]
[SourceQuality "1"]

1. e4 c5 2. Nf3 a6 3. c3 d5 4. exd5 Qxd5 5. d4 Bg4 6. dxc5 Bxf3 7. Qxf3 Qxf3 8. gxf3 e6 9. Be3 Nd7 10. b4 Ngf6 11. a3 a5 12. Bb5 Be7 13. Rg1 axb4 14. cxb4 Nd5 15. Bd2 Bf6 16. Ra2 Ke7 17. Bxd7 Kxd7 18. Rg4 b5 19. cxb6 Rhb8 20. Rc2 Nxb6 21. Bc3 Rc8 22. Rd2+ Ke7 23. Bxf6+ Kxf6 24. Rgd4 Nc4 25. Ra2 Ne5 26. Ke2 Ra4 27. Rb2 g5 28. Rb3 Kf5 29. Nc3 Raa8 30. Ne4 Rc1 31. Re3 f6 32. Rd1 Rxd1 33. Kxd1 Nc4 34. Ng3+ Kg6 35. Rxe6 Rxa3 36. Re4 Nd6 37. Re3 Ra1+ 38. Ke2 Rb1 39. Re6 Nb5 40. Rb6 Rxb4 41. Kd3 Rb3+ 42. Kc4 Rxf3 43. Kxb5 Rxf2 44. Kc4 Rxh2 45. Ne4 Kf5 46. Kd4 Ra2 47. Rxf6+ Kg4 48. Rh6 Ra4+ 1/2-1/2

[Event "Lueneburg distr Cup final"]
[Site "Winsen/Luhe"]
[Date "2009.05.31"]
[Round "1"]
[White "Jordan, Juergen"]
[Black "Jeske, Mark"]
[Result "0-1"]
[WhiteElo "2180"]
[BlackElo "2143"]
[PlyCount "78"]
[EventDate "2009.05.31"]
[EventType "k.o."]
[EventRounds "1"]
[EventCountry "GER"]
[SourceTitle "EXT 2013"]
[Source "ChessBase"]
[SourceDate "2012.11.22"]
[SourceVersion "1"]
[SourceVersionDate "2012.11.22"]
[SourceQuality "1"]

1. d4 d5 2. Nf3 Nf6 3. g3 c6 4. Bg2 Bf5 5. 0-0 e6 6. c4 Be7 7. Nc3 0-0 8. Nh4 Bg4 9. h3 Bh5 10. Qb3 b6 11. Bf4 dxc4 12. Qxc4 Nd5 13. Bxb8 Rxb8 14. Nf3 b5 15. Qb3 Qb6 16. g4 Bg6 17. Ne5 Rfd8 18. Rac1 Rbc8 19. e3 Nxc3 20. Rxc3 c5 21. Nxg6 hxg6 22. Qc2 c4 23. a3 a5 24. Ra1 Bb4 25. axb4 axb4 26. Rb3 Qd6 27. Rc1 Rb8 28. Ra1 Rdc8 29. Rc1 Kh7 30. Bf1 cxb3 31. Qxc8 Rxc8 32. Rxc8 e5 33. Rc1 exd4 34. Rd1 Qc5 35. Re1 Qc2 36. exd4 Qxb2 37. d5 Qd2 38. Re3 Qxd5 39. Bd3 b2 0-1

[Event "BL2-Nord 0809"]
[Site "Germany"]
[Date "2008.10.05"]
[Round "1.6"]
[White "Lieb, Harald"]
[Black "Jeske, Mark"]
[Result "1-0"]
[WhiteElo "2240"]
[BlackElo "2135"]
[PlyCount "109"]
[EventDate "2008.10.05"]
[EventType "team-tourn"]
[EventRounds "9"]
[EventCountry "GER"]
[SourceTitle "CBM 129 Extra"]
[Source "ChessBase"]
[SourceDate "2009.05.05"]
[SourceVersion "2"]
[SourceVersionDate "2009.05.20"]
[SourceQuality "1"]
[WhiteTeam "Zehlendorf"]
[BlackTeam "Uelzen Post"]
[WhiteTeamCountry "GER"]
[BlackTeamCountry "GER"]

1. d4 d5 2. c4 e6 3. Nc3 Nf6 4. Nf3 Be7 5. g3 0-0 6. Bg2 c6 7. 0-0 Nbd7 8. b3 b6 9. Bb2 Bb7 10. Re1 Rc8 11. Rc1 Rc7 12. Nd2 Qa8 13. e4 dxe4 14. Ndxe4 Rd8 15. Qe2 Nf8 16. Rcd1 Rcd7 17. Qe3 c5 18. Nxf6+ Bxf6 19. d5 Kh8 20. Qc1 Bd4 21. Bh3 a6 22. Na4 Bxb2 23. Qxb2 Rd6 24. b4 cxb4 25. Qxb4 a5 26. Qb1 exd5 27. Nxb6 Qa6 28. c5 Rf6 29. Bf1 Qa7 30. Re7 Qb8 31. Bg2 Ng6 32. Rd7 Re8 33. Bxd5 Bxd5 34. Nxd5 Qxb1 35. Rxb1 Rc6 36. Rb5 Ne5 37. Re7 Re6 38. Rxe8+ Rxe8 39. Rxa5 Nf3+ 40. Kg2 Ne1+ 41. Kf1 Nf3 42. c6 g5 43. Kg2 g4 44. Nf6 Rc8 45. Nxg4 Ne1+ 46. Kf1 Nd3 47. Ra7 Rxc6 48. Rxf7 Kg8 49. Rd7 Nb4 50. a3 Nc2 51. a4 Ra6 52. Rc7 Na3 53. h4 h5 54. Ne3 Rxa4 55. Rc5 1-0

[Event "Oberliga Nord W 0506"]
[Site "Germany"]
[Date "2006.01.29"]
[Round "6.6"]
[White "Jeske, Mark"]
[Black "Fehsenfeld, Frithjof"]
[Result "1/2-1/2"]
[WhiteElo "2094"]
[BlackElo "2075"]
[PlyCount "87"]
[EventDate "2005.10.23"]
[EventType "team-tourn"]
[EventRounds "9"]
[EventCountry "GER"]
[SourceTitle "CBM 111 Extra"]
[Source "ChessBase"]
[SourceDate "2006.05.09"]
[SourceVersion "1"]
[SourceVersionDate "2006.05.09"]
[SourceQuality "1"]
[WhiteTeam "Uelzen Post"]
[BlackTeam "Delmenhorst"]
[WhiteTeamCountry "GER"]
[BlackTeamCountry "GER"]

1. e4 c6 2. d4 d5 3. exd5 cxd5 4. c4 Nf6 5. Nc3 e6 6. Nf3 Bb4 7. Bd3 dxc4 8. Bxc4 0-0 9. 0-0 Nbd7 10. a3 Be7 11. Bg5 b6 12. d5 exd5 13. Nxd5 Bb7 14. Nxe7+ Qxe7 15. b4 Qe4 16. Bd3 Qg4 17. h3 Qh5 18. Bf4 Nd5 19. Bd2 N7f6 20. Ng5 h6 21. Nh7 Qxd1 22. Nxf6+ Nxf6 23. Rfxd1 Rfd8 24. Bc3 Ne4 25. Bb2 Rac8 26. Be2 Ng5 27. Bg4 Ne6 28. Be5 Kf8 29. Rxd8+ Rxd8 30. Rd1 Rxd1+ 31. Bxd1 b5 32. f3 Ke7 33. h4 a6 34. Kf2 f6 35. Bc3 Nf4 36. Bc2 Bd5 37. g3 Ne6 38. Ke3 Kd6 39. f4 Bc6 40. Bb2 Bd5 41. Bd1 Bg2 42. Bc3 Bb7 43. Bd2 Bg2 44. Bb3 1/2-1/2